000 00517nam a2200181Ia 4500
005 20250508150347.0
008 008 250505s9999 xx 000 0 eng d
037 _aTextual
040 _aFEDL
_beng
_cFEDL
041 _aeng
_2eng
084 _a371.73, DIE
_qFEDL
100 _aDiehl Harold S
_9756502
245 0 _aElements of healthful living
260 _aNew York, USA
_bMcGraw Hill Book Company Inc.
_c1942
300 _aviii,322p
942 _cTEXL
_h371.73, DIE
999 _c1323187
_d1323187